|
|
|
|
| LEADER |
02139nim a2200601 i 4500 |
| 001 |
001868858 |
| 003 |
CZ BrMZK |
| 005 |
20230908093946.0 |
| 007 |
sd fungnnmmned |
| 008 |
230817t20232023xr nnnng f n cze |
| 024 |
3 |
|
|a 8595693408728
|
| 040 |
|
|
|a BOA001
|b cze
|e rda
|
| 043 |
|
|
|a sa-----
|
| 072 |
|
7 |
|a 25
|x Náboženství, mytologie, kulty
|2 Konspekt
|9 5
|
| 080 |
|
|
|a (=87)
|2 MRF
|
| 080 |
|
|
|a 258/259.2
|2 MRF
|
| 080 |
|
|
|a (8-191.2)
|2 MRF
|
| 080 |
|
|
|a (0:82-343)
|2 MRF
|
| 080 |
|
|
|a (0.072)
|2 MRF
|
| 080 |
|
|
|a (086.7)08
|2 MRF
|
| 080 |
|
|
|a (086.76)
|2 MRF
|
| 100 |
1 |
|
|a Zelený, Mnislav,
|d 1943-
|7 jk01152402
|4 aut
|
| 245 |
1 |
0 |
|a Duch s rozkvetlým penisem /
|c Mnislav Zelený-Atapana
|
| 264 |
|
1 |
|a [Praha] :
|b Tympanum, s.r.o.,
|c 2023
|
| 264 |
|
4 |
|c ℗2023
|
| 300 |
|
|
|a 2 audiodisky (13 hod., 10 min.) ;
|c 12 cm
|
| 306 |
|
|
|a 131000
|
| 336 |
|
|
|a mluvené slovo
|b spw
|2 rdacontent
|
| 337 |
|
|
|a audio
|b s
|2 rdamedia
|
| 338 |
|
|
|a audiodisk
|b sd
|2 rdacarrier
|
| 344 |
|
|
|a digital
|b optical
|2 rda
|
| 347 |
|
|
|a audio soubor
|b MP3
|2 rda
|
| 500 |
|
|
|a Název z disku
|
| 500 |
|
|
|a Podle stejnojmenné knihy vydané nakladatelstvím Argo v roce 2004
|
| 500 |
|
|
|a Nezkrácená verze na 2 mp3 CD
|
| 511 |
0 |
|
|a Čte Martin Dusbaba
|
| 650 |
0 |
7 |
|a Indiáni Jižní Ameriky
|7 ph121354
|z Amazonka (řeka : oblast)
|2 czenas
|
| 650 |
0 |
7 |
|a indiánská mytologie
|7 ph121074
|z Amazonka (řeka : oblast)
|2 czenas
|
| 650 |
0 |
9 |
|a Indians of South America
|z Amazon River Valley
|2 eczenas
|
| 650 |
0 |
9 |
|a American Indian mythology
|z Amazon River Valley
|2 eczenas
|
| 655 |
|
7 |
|a mýty
|7 fd132901
|2 czenas
|
| 655 |
|
7 |
|a komentovaná vydání
|7 fd132577
|2 czenas
|
| 655 |
|
7 |
|a audioknihy
|7 fd119452
|2 czenas
|
| 655 |
|
7 |
|a kompaktní disky
|7 fd201991
|2 czenas
|
| 655 |
|
9 |
|a myths
|2 eczenas
|
| 655 |
|
9 |
|a annotated editions
|2 eczenas
|
| 655 |
|
9 |
|a audiobooks
|2 eczenas
|
| 655 |
|
9 |
|a compact discs
|2 eczenas
|
| 700 |
1 |
|
|a Dusbaba, Martin,
|d 1976-
|7 mzk2012685244
|4 nrt
|
| 910 |
|
|
|a BOA001
|b CDR-1513.153
|
| 990 |
|
|
|a AV
|
| 991 |
|
|
|b 202309
|c NOV
|
| 996 |
6 |
|
|b 2610946869
|c CDR-1513.153
|l MZK
|r Sklad / do 24 hodin
|n 0
|p p.v.
|w 001936377
|u 000010
|a 1
|e BOA001
|j MZK50
|s P
|